Expressions : (Record no. 142203)
[ view plain ]
| 000 -LEADER | |
|---|---|
| fixed length control field | 01100cam a2200361Ia 4500 |
| 001 - CONTROL NUMBER | |
| control field | 7089642 |
| 003 - CONTROL NUMBER IDENTIFIER | |
| control field | BD-DhUL |
| 005 - DATE AND TIME OF LATEST TRANSACTION | |
| control field | 20161227121356.0 |
| 006 - FIXED-LENGTH DATA ELEMENTS--ADDITIONAL MATERIAL CHARACTERISTICS | |
| fixed length control field | m u |
| 008 - FIXED-LENGTH DATA ELEMENTS--GENERAL INFORMATION | |
| fixed length control field | 080228s2010 ii a 000 0 eng |
| 010 ## - LIBRARY OF CONGRESS CONTROL NUMBER | |
| LC control number | 2007341963 |
| 025 ## - OVERSEAS ACQUISITION NUMBER | |
| Overseas acquisition number | I-E-2007-341963; 19-90 |
| 035 ## - SYSTEM CONTROL NUMBER | |
| System control number | (OCoLC)ocn213220717 |
| 035 ## - SYSTEM CONTROL NUMBER | |
| System control number | (OCoLC)213220717 |
| 035 ## - SYSTEM CONTROL NUMBER | |
| System control number | (NNC)7089642 |
| 037 ## - SOURCE OF ACQUISITION | |
| Source of stock number/acquisition | Library of Congress -- New Delhi Overseas Office |
| Terms of availability | Rs1500.00 ($60.00 U.S.) |
| 040 ## - CATALOGING SOURCE | |
| Original cataloging agency | DLC |
| Transcribing agency | DLC |
| Modifying agency | CGU |
| -- | DKAGE |
| -- | OCLCQ |
| -- | BD-DhUL |
| 042 ## - AUTHENTICATION CODE | |
| Authentication code | lcode |
| 043 ## - GEOGRAPHIC AREA CODE | |
| Geographic area code | a-ii--- |
| 082 04 - DEWEY DECIMAL CLASSIFICATION NUMBER | |
| Classification number | 709.04042 |
| Item number | PRE |
| 090 ## - LOCALLY ASSIGNED LC-TYPE CALL NUMBER (OCLC); LOCAL CALL NUMBER (RLIN) | |
| Classification number (OCLC) (R) ; Classification number, CALL (RLIN) (NR) | NK1476.A1 |
| Local cutter number (OCLC) ; Book number/undivided call number, CALL (RLIN) | P735 2007 |
| 100 1# - MAIN ENTRY--PERSONAL NAME | |
| Personal name | Prakash, K. |
| 245 10 - TITLE STATEMENT | |
| Title | Expressions : |
| Remainder of title | a classic collection of Indian ethnic designs / |
| Statement of responsibility, etc. | K. Prakash. |
| 250 ## - EDITION STATEMENT | |
| Edition statement | 4th ed. |
| 260 ## - PUBLICATION, DISTRIBUTION, ETC. (IMPRINT) | |
| Place of publication, distribution, etc. | Mumbai : |
| Name of publisher, distributor, etc. | Honesty, |
| Date of publication, distribution, etc. | 2010. |
| 300 ## - PHYSICAL DESCRIPTION | |
| Extent | 176 p. : |
| Other physical details | ill. ; |
| Dimensions | 29 cm. + |
| Accompanying material | 1 CD-ROM (4 3/4 in.) |
| 365 ## - TRADE PRICE | |
| Price type code | USD |
| Price amount | 31.91 |
| 650 #0 - SUBJECT ADDED ENTRY--TOPICAL TERM | |
| Topical term or geographic name as entry element | Decoration and ornament |
| Geographic subdivision | India |
| General subdivision | Themes, motives. |
| 942 ## - ADDED ENTRY ELEMENTS (KOHA) | |
| Source of classification or shelving scheme | |
| Koha item type | Books |
| 948 0# - LOCAL PROCESSING INFORMATION (OCLC); SERIES PART DESIGNATOR (RLIN) | |
| Series part designator, SPT (RLIN) | 20090310 |
| b (OCLC) | x |
| c (OCLC) | dc21 |
| d (OCLC) | MPS |
| 948 1# - LOCAL PROCESSING INFORMATION (OCLC); SERIES PART DESIGNATOR (RLIN) | |
| Series part designator, SPT (RLIN) | 20090311 |
| b (OCLC) | c |
| c (OCLC) | fra1 |
| d (OCLC) | SCMC |
| Price effective from | Date last seen | Permanent Location | Not for loan | Date acquired | Source of classification or shelving scheme | Koha item type | Lost status | Withdrawn status | Source of acquisition | Collection code | Damaged status | Shelving location | Barcode | Current Location | Full call number |
|---|---|---|---|---|---|---|---|---|---|---|---|---|---|---|---|
| 2016-12-27 | 2016-12-27 | Dhaka University Library | 2012-01-26 | Books | Purchased | Non Fiction | General Stacks | 462961 | Dhaka University Library | 709.04042 PRE |
